Biblioteca ESET

El jugador científico : | por qué perdemos al póker, la lotería, la ruleta... (Registro nro. 229)

Detalles MARC
000 -CABECERA
fixed length control field 00838Cam#a2200265#a#4500
001 - NUMERO DE CONTROL
control field 022938
003 - CONTROL NUMBER IDENTIFIER
control field AR-BeUNQ
005 - FECHA Y HORA DE LA ULTIMA TRANSACCION
control field 20260213140813.0
008 - ELEMENTOS DE LONGITUD FIJA-INFORMACION GENERAL
fixed length control field 110624s2011####ag a ||b |||||||spa#d
020 ## - NUMERO INTERNACIONAL NORMALIZADO PARA LIBROS
Número Internacional Normalizado del libro 9789876291613
040 ## - FUENTE DE CATALOGACION
Agencia de catalogación original AR-BeUNQ
Convenciones de la descripción aacr
Agencia que realiza la transcripción AR-BeUNQ
082 04 - NUMERO DE CLASIFICACION DECIMAL DEWEYMBER
Número de clasificación 507
Número de la edición 21
100 1# - ASIENTO PRINCIPAL-NOMBRE PERSONAL
Nombre personal Arbiser, Ariel.
245 02 - MENCION DE TITULO
Título El jugador científico :
Otra información sobre el título por qué perdemos al póker, la lotería, la ruleta...
Mención de responsabilidad, etc Ariel Arbiser.
250 ## - MENCION DE EDICION
Mención de edición 1a. ed.
260 ## - PUBLICACION, DISTRIBUCION, ETC.
Lugar de publicación, distribución, etc. Buenos Aires :
Nombre del editor, distribuidor, etc. Siglo Veintiuno Editores Argentina,
Fecha de publicación, distribución, etc c2011.
300 ## - DESCRIPCION FISICA
Extensión 143 p. :
Otros detalles físicos il. ;
Dimensiones 19 cm.
490 1# - MENCION DE SERIE
Mención de serie Ciencia que ladra....
650 #7 - ASIENTO SECUNDARIO DE MATERIA - TERMINO TEMATICO
Término temático o nombre geográfico como elemento de entrada Divulgación científica
Fuente del encabezamiento o términ spines
650 #7 - ASIENTO SECUNDARIO DE MATERIA - TERMINO TEMATICO
Término temático o nombre geográfico como elemento de entrada Teoría de juego
Fuente del encabezamiento o términ spines
650 #7 - ASIENTO SECUNDARIO DE MATERIA - TERMINO TEMATICO
Término temático o nombre geográfico como elemento de entrada Juego
Fuente del encabezamiento o términ toit
830 #0 - ASIENTO SECUNDARIO DE SERIE--TITULO UNIFORME
Título uniforme Ciencia que ladra... (UNQ).
929 ## - DATOS DE ADQUISICION
Procedencia DONACION
Precio 0
Fecha de recibido 03/05/2022
Patrimonio UNQ pat0082219
Número de inventario 59303
942 ## - ELEMENTOS DE PUNTO DE ACCESO ADICIONAL (KOHA)
Tipo de ítem Koha Libros
Existencias
Estado de retiro Estado de pérdida Ubicación permanente Ubicación actual Ubicación en estantería Fecha de ingreso Signatura topográfica completa Inventario Date last seen Tipo de ítem Koha Operador
    Biblioteca ESET - UNQ Biblioteca ESET - UNQ CIRCULACION 03/05/2022 507 / ARB 59303 23/05/2022 Libros PK
    Biblioteca ESET - UNQ Biblioteca ESET - UNQ CIRCULACION 03/05/2022 507 / ARB 59304 23/05/2022   PK

ESET UNQ

☏ 4365-7188
 Avenida República de Francia 1714 entre Doctor Kenny y Concordia, Ezpeleta, Bs As.
✉ secretaria_eset@unq.edu.ar

Con tecnología Koha